| 000 | 00639nam a22001457a 4500 | ||
|---|---|---|---|
| 999 |
_c530423 _d530423 |
||
| 008 | 250613b ||||| |||| 00| 0 eng d | ||
| 100 |
_aReviewed by Mallikarjun Gudadinni and Nabendu Paul _954352 |
||
| 245 | _aUnfinished Business: Evolving Capitalism in the World’s Largest Democracy | ||
| 260 | _aVikalpa: The Journal for Decision Makers | ||
| 300 | _a50(1), Jan-Mar, 2025: p.95-98 | ||
| 520 | _aVijayaraghavan, Nandini. Unfinished Business: Evolving Capitalism in the World’s Largest Democracy: Penguin Bussiness, 2023, 386p. $1,495 | ||
| 773 | _0Vikalpa: The Journal for Decision Makers | ||
| 906 | _aBOOK REVIEW | ||
| 942 | _cAR | ||